عرض عادي
عرض مارك
- عباس، ثناء صباح،
دخول Personal Name
001 - CONTROL NUMBER
- control field: 29879
003 - CONTROL NUMBER IDENTIFIER
- control field: AE-AdECS
005 - DATE AND TIME OF LATEST TRANSACTION
- control field: 20260511090134.0
008 - FIXED-LENGTH DATA ELEMENTS
- fixed length control field: 260511|| aca||aabn | a|a d
040 ## - CATALOGING SOURCE
- Original cataloging agency: AE-AdECS
- Transcribing agency: AE-AdECS
100 ## - HEADING--PERSONAL NAME
- Personal name: عباس، ثناء صباح،
670 ## - SOURCE DATA FOUND
- Source citation: Work cat.: (AE-AdECS)295097: عباس، ثناء صباح، مؤلف., الصين وإشكالية التحول إلى قوة عظمى في النظام الدولي /
